Computer Graphics, Semester-IV (Record no. 45570)

MARC details
000 -LEADER
fixed length control field 00487nam a2200181Ia 4500
008 - FIXED-LENGTH DATA ELEMENTS--GENERAL INFORMATION
fixed length control field 220531s9999 xx 000 0 und d
041 ## - LANGUAGE CODE
Language code of text/sound track or separate title eng
082 ## - DEWEY DECIMAL CLASSIFICATION NUMBER
Item number COM / BHA
100 ## - MAIN ENTRY--PERSONAL NAME
Personal name Bharambe, Manisha And others
9 (RLIN) 82651
245 ## - TITLE STATEMENT
Title Computer Graphics, Semester-IV
250 ## - EDITION STATEMENT
Edition statement 2ND
260 ## - PUBLICATION, DISTRIBUTION, ETC. (IMPRINT)
Place of publication, distribution, etc. Pune
Name of publisher, distributor, etc. Nirali
Date of publication, distribution, etc. 2017
300 ## - PHYSICAL DESCRIPTION
Extent 8.20, P-8
542 ## - INFORMATION RELATING TO COPYRIGHT STATUS
Copyright holder 30-10-2018
650 ## - SUBJECT ADDED ENTRY--TOPICAL TERM
Topical term or geographic name as entry element Computer Graphics
9 (RLIN) 82652
906 ## - LOCAL DATA ELEMENT F, LDF (RLIN)
c T.Y.B.S.C.(Comp.)
d 2018-2019
f 13946
Holdings
Withdrawn status Lost status Source of classification or shelving scheme Damaged status Not for loan Collection code Home library Current library Date acquired Vendor Cost, normal purchase price Total Checkouts Total Holds Full call number Barcode Date last seen Cost, replacement price Bill Date Koha item type Original Barcode
Withdrawn   Dewey Decimal Classification       Shri Siddhivinayak Mahila Mahavidyalaya Shri Siddhivinayak Mahila Mahavidyalaya 30/10/2018 Nirali 265.00   5 /COM/BHA/B/26831 SSMM-BK-26831 06/08/2022 265.00 06/08/2022 Books 010026831